| 000 | 00509nam a22001697a 4500 | ||
|---|---|---|---|
| 008 | 150520b xxu||||| |||| 00| 0 eng d | ||
| 020 | _a003063511X | ||
| 041 | 0 | _aeng | |
| 080 | _a008 | ||
| 100 | _aCunningham, Lawrence. | ||
| 245 | 0 | 0 |
_aCulture and values : _cLawrence Cunningham, John Reich. |
| 260 |
_aNew York : _bHolt, Rinehart, and Winston, _cc1985. |
||
| 300 |
_a492 f _bme il _c26 cm. |
||
| 505 | _aIndex:f. 480-491 | ||
| 700 | 1 | _aReich, John J. | |
| 942 |
_2udc _cBK |
||
| 999 |
_c855 _d855 |
||